000 00583cam a22001577a 4500
008 180718b1997 xxu||||| |||| 00| 0 eng d
082 _aAPPPA 96-97 SET/24
100 _aSeth, P.D.
245 _aRevival of sick public sector undertakings and board for industrial and financial reconstruction: an empirical study
_cby P.D. Seth
260 _aNew Delhi
_bIndian Institute of Public Administration
_c1997
300 _a139p.
650 _aAPPPA
650 _aSick industry
650 _aBoard for Industrial and Financial Reconstruction
650 _aPublic sector enterprises - India
999 _c482124
_d482124